00585 2200217 4500001002100000005001500021035002000036007000300056008004100059020001800100082001000118084001600128100001700144245008200161250001100243260003500254300002800289650001900317700002100336990001000357INLIS00000000001440020220818022817 a0010-0822000439ta220818 g 0 ind  a9786027560482 a646.4 a646.4 NOV m0 aNOVI, kurnia1 aMendesain baju sendiri dari pola hingga jadi /cNovi Kurnia & Mia Siti Aminah acet. 1 aJakarta :bDunia Kreasi,c2012 a168 hlm ;c17,5 x 24 cm 4aDesain pakaian0 aMIA, siti aminah a15128